Os 10 maiores países da Europa - Sudden Death - Statistics

Estatísticas Gerais
  • Esse quiz foi jogado 123 vezes
  • A pontuação média é 7 de 10
Answers on the Grid
Answers color-coded by a green-red scale on the quiz's grid according to % correct below.
Letónia
Finlândia
Grécia
Rússia
Ucrânia
Itália
Irlanda
Portugal
Espanha
Polónia
Bulgária
Hungria
Áustria
França
Suécia
Alemanha
Islândia
Noruega
República Checa
Sérvia
 
Estatísticas das Respostas
Resposta % Correto
Rússia
88%
Alemanha
84%
França
81%
Espanha
77%
Ucrânia
76%
Itália
68%
Polónia
67%
Noruega
63%
Finlândia
60%
Suécia
57%
Nenhum quiz correspondente encontrado
Distribuição das Pontuações
Porcentagem de Pessoas com Cada Pontuação
Percentil de Números Respondidos
Sua Pontuação Histórica
Você não jogou esse quiz